Řízení technologických procesů v dopravně přepravní činnosti železniční dopravy

Saved in:
Bibliographic Details
Format: Book
Language:Czech
Published: Praha Nakl. dopr. a spojů 1989
Edition:1. vyd.
Tags: Add Tag
No Tags, Be the first to tag this record!

MARC

LEADER 00000nam a2200000 4500
001 c025648
005 20221215120628.1
041 0 |a cze 
044 |a CZ 
245 1 0 |a Řízení technologických procesů v dopravně přepravní činnosti železniční dopravy 
250 |a 1. vyd. 
264 1 |a Praha  |b Nakl. dopr. a spojů  |c 1989 
300 |a 339 s.  |e 6 príl.